Miasta województwa Kujawsko-Pomorskiego według opisu - Statystyki

Ogólne statystyki
  • Ten quiz został rozwiązany 37 razy
  • Średni wynik to 6 z 9
Statystyki odpowiedzi
Opis Miasto % Poprawnych
Siedziba Radio Maryja Toruń
97%
Znajdują się tam np. Tężnie, Zegar Kwiatowy, Fontanna Jasia i Małgosi. Miasto słynące z sanatoriów Ciechocinek
92%
Miasto związane z Popielem zjedzonym przez myszy Kruszwica
86%
Tablica rejestracyjna tej siedziby powiatu to CNA Nakło nad Notecią
86%
Miasto Łukasza Schreibera i Krzysztofa Brejzy Bydgoszcz
69%
Honorowymi obywatelami tego miasta na prawach powiatu są m.in. Ferdynand Foch (1923), Edward Rydz-Śmigły (1938), czy Jan Paweł II (2003) Grudziądz
61%
Nazwa miasta pochodzi od soli Solec Kujawski
58%
Pierwsza wzmianka o tym mieście pochodzi z 1198r., miasto położone jest w regionie etnicznym zwanym Kociewo Świecie
42%
Filmowe małe miasto, w którym nakręcono m.in. "Lipowo, zmowa milczenia"; "Wiosna Panie Sierżancie", czy "Excentrycy, po słonecznej stronie ulicy" Nieszawa
19%
Nie znaleziono quizów pasujących do podanych kryteriów
Rozkład punktacji
Procent ludzi z każdym wynikiem
Percentyl według liczby udzielonych odpowiedzi
Twoja historia wyników
Nie rozwiązałeś tego quizu